| 000 | 00467nam a2200193Ia 4500 | ||
|---|---|---|---|
| 003 | GCL | ||
| 008 | 140319s9999 xx 000 0 eng d | ||
| 040 |
_aGCL / _cGCL |
||
| 082 | 0 | 4 |
_a709.54 _bL T |
| 100 | 1 | _aLALL, JOHN | |
| 245 | 1 | 0 |
_aTAJ MAHAL: AND THE SAGE OF THE GREAT MUGHALS / _cLALL, JOHN |
| 260 |
_a[S.N] : _bLUSTRE PRESS |
||
| 300 | _a92 P | ||
| 650 | 0 | 4 | _aMUSEUMS |
| 650 | 0 | 4 | _aARTS |
| 650 | 0 | 4 | _aTAJ MAHAL |
| 650 | 0 | 4 | _aINDIA - ARTS |
| 942 |
_2ddc _cBK |
||
| 999 |
_c14099 _d14099 |
||